Les villes martyres (Record no. 22189)

MARC details
000 -LEADER
campo de control de longitud fija 00753nam a2200205 i 4500
001 - NÚMERO DE CONTROL
campo de control 22189
003 - IDENTIFICADOR DE NÚMERO DE CONTROL
campo de control ES-MaACL
005 - FECHA Y HORA DE LA ÚLTIMA TRANSACCIÓN
campo de control 20250830063046.0
007 - CAMPO FIJO DE DESCRIPCIÓN FÍSICA--INFORMACIÓN GENERAL
campo de control de longitud fija t|
008 - DATOS DE LONGITUD FIJA--INFORMACIÓN GENERAL
campo de control de longitud fija 030131s1915 fr ||||1| fre d
100 1# - ENTRADA PRINCIPAL--NOMBRE DE PERSONA
Nombre de persona Michel, André,
Fechas asociadas al nombre 1853-1925
9 (RLIN) 80889
245 14 - MENCIÓN DEL TÍTULO
Título Les villes martyres
Resto del título : Reims, Soissons, Senlis, Arras /
Mención de responsabilidad, etc. par André Michel ; Louvain par Mgr. Baudrillart.
260 ## - PUBLICACIÓN, DISTRIBUCIÓN, ETC.
Lugar de publicación, distribución, etc. Paris :
Nombre del editor, distribuidor, etc. Plon-Nourrit,
Fecha de publicación, distribución, etc. 1915.
300 ## - DESCRIPCIÓN FÍSICA
Extensión 87, [8] p. :
Otras características físicas il. ;
Dimensiones 19 cm.
500 ## - NOTA GENERAL
Nota general Precede al tit.: La Société des Conferences, La Revue Hebdomadaire.
650 14 - PUNTO DE ACCESO ADICIONAL DE MATERIA--TÉRMINO DE MATERIA
Término de materia o nombre geográfico como elemento de entrada Guerra mundial, 1914-1918-
Subdivisión general Destrucciones y saqueos.
9 (RLIN) 13218
700 1# - ENTRADA AGREGADA--NOMBRE PERSONAL
Nombre de persona Baudrillart, Alfred,
Fechas asociadas al nombre 1859-1942
9 (RLIN) 26535
852 ## - LOCALIZACIÓN
Ubicación ES-MaACL
Número de control de estantería 1482-F-3
Holdings
Estatus retirado Estado de pérdida Estado de daño No para préstamo Colección Biblioteca de origen Biblioteca actual Ubicación en estantería Fecha de adquisición Fuente de adquisición Total de préstamos Signatura topográfica completa Código de barras Visto por última vez Precio de reemplazo Tipo de ítem Koha
        Colección de folletos Biblioteca del Ateneo de Madrid Biblioteca del Ateneo de Madrid Depósito folletos 17/01/2008     1482-F-3 1022833 23/02/2023 23/02/2023 Folleto